000 00625nam a2200217 4500
001 112336
003 ES-MaACL
005 20230906185518.0
007 t|
008 061121s1953 sp r ||||1| spa d
100 1 _aNielsen, H.
_985635
245 1 3 _aEl hombre amable /
_cH. Nielsen; [traducción directa del inglés por Enrique de Juan].
250 _a1ª ed.,.
260 _aBarcelona :
_bAHR,
_c1953.
300 _a181 p. ;
_c17 cm.
490 1 _aMedianoche ;
_v10
700 1 _aJuan, Enrique de.
_967090
830 0 _aMedianoche ;
_v10
_9184001
852 _aES-MaACL
_jD-8829
_bR.34261
999 _c112336
_d112336